Economics of strategy / (Record no. 14654)
[ view plain ]
| 000 -LEADER | |
|---|---|
| fixed length control field | 00750nam a2200241 a 4500 |
| 003 - CONTROL NUMBER IDENTIFIER | |
| control field | PILC |
| 005 - DATE AND TIME OF LATEST TRANSACTION | |
| control field | 20150112093438.0 |
| 008 - FIXED-LENGTH DATA ELEMENTS--GENERAL INFORMATION | |
| fixed length control field | 100723s19uu xx 00 eng d |
| 020 ## - INTERNATIONAL STANDARD BOOK NUMBER | |
| International Standard Book Number | 981253069X |
| 050 ## - LIBRARY OF CONGRESS CALL NUMBER | |
| Classification number | HD 30.28 |
| Item number | .B4575 2004 |
| 082 ## - DEWEY DECIMAL CLASSIFICATION NUMBER | |
| Classification number | MnSF 658.4012 |
| Item number | E7 2004 |
| 100 ## - MAIN ENTRY--PERSONAL NAME | |
| Personal name | Besanko, David |
| 9 (RLIN) | 17081 |
| 245 ## - TITLE STATEMENT | |
| Title | Economics of strategy / |
| Statement of responsibility, etc | David Besanko ... [et. al.;] |
| 250 ## - EDITION STATEMENT | |
| Edition statement | 3rd ed. |
| 260 ## - PUBLICATION, DISTRIBUTION, ETC. (IMPRINT) | |
| Place of publication, distribution, etc | New Jersey : |
| Name of publisher, distributor, etc | John Wiley & Sons, Inc, |
| Date of publication, distribution, etc | 2004. |
| 300 ## - PHYSICAL DESCRIPTION | |
| Extent | 632 pages : |
| Other physical details | illustration ; |
| Dimensions | 23 cm. |
| 650 ## - SUBJECT ADDED ENTRY--TOPICAL TERM | |
| Topical term or geographic name as entry element | Strategic planning - Economical aspects |
| 9 (RLIN) | 17082 |
| 650 ## - SUBJECT ADDED ENTRY--TOPICAL TERM | |
| Topical term or geographic name as entry element | Managerial economics |
| 9 (RLIN) | 10371 |
| 700 ## - ADDED ENTRY--PERSONAL NAME | |
| Personal name | Dranove, David |
| 9 (RLIN) | 17083 |
| 700 ## - ADDED ENTRY--PERSONAL NAME | |
| Personal name | Shanley, Mark |
| 9 (RLIN) | 17084 |
| 700 ## - ADDED ENTRY--PERSONAL NAME | |
| Personal name | Schaefer, Scoot |
| 9 (RLIN) | 17085 |
| 942 ## - ADDED ENTRY ELEMENTS (KOHA) | |
| Source of classification or shelving scheme | Library of Congress Classification |
| Koha item type | Books |
| Withdrawn status | Lost status | Source of classification or shelving scheme | Damaged status | Home library | Current library | Shelving location | Date acquired | Total Checkouts | Full call number | Barcode | Date last seen | Copy number | Price effective from | Koha item type |
|---|---|---|---|---|---|---|---|---|---|---|---|---|---|---|
| Library of Congress Classification | Southville International School Affiliated with Foreign Universities Library | Southville International School Affiliated with Foreign Universities Library | Southville Foreign University Section | 09/07/2013 | HD 30.28 .B4575 2004 | SFU1163 | 05/15/2018 | 1 | 09/07/2013 | Books |